000 00685nam a2200253 4500
001 2016
010 _a9789722063234
021 _aPT
_b428517/17
090 _a2016
100 _a20251215d2017 m||y0pory50030103ba
101 _apor
102 _aPT
200 _aAtos humanos
_fHan Kang
_gtrad. Maria do Carmo Figueira
205 _a1ª edição
210 _aAlfragide
_cDom Quixote
_d2017
215 _a227, [2] p.
_d23 cm
300 _aBMB-Registado
606 _92885
_aLiteratura Sul-Coreana
606 _9779
_aRomance
675 _a821.531-31
_vBMB
_zpor
700 _aKang
_f1970-
_bHan
_92886
702 _aFigueira
_bMaria do Carmo
_f1955-
_4730
_9926
801 _aPT
_bBMB
_gRPC
990 _cLIVROS